[Event "Aeroflot Open 2017"]
[Site "Moscow"]
[Date "2017.02.22"]
[Round "2"]
[White "Olafsson, Helgi"]
[Black "Sjugirov, Sanan"]
[Result "0-1"]
[WhiteElo "2540"]
[BlackElo "2673"]
[Annotator "TA"]
[PlyCount "92"]
[EventDate "2017.??.??"]

1. Nf3 d5 2. d4 Nf6 3. c4 e6 4. Nc3 Bb4 5. Bg5 Nbd7 6. e3 c5 7. cxd5 exd5 8.
Qc2 Qa5 9. Bd3 c4 10. Bf5 O-O 11. O-O Re8 12. Bh4 g6 13. Bh3 Kg7 14. Nd2 Nb6
15. Bxc8 Raxc8 {LiveBook: 6 Games} 16. Bxf6+ Kxf6 17. a4 Kg7 {Black is
slightly better.} 18. Rfe1 Re6 19. f3 Rd8 20. Re2 Nc8 21. Ra2 (21. Nf1 $15)
21... Nd6 22. Nf1 Rde8 23. Ra1 Nf5 {[#] ...Nxd4! is the strong threat.} 24.
Rae1 Ra6 25. Ra1 Rb6 26. Kf2 h5 27. g3 Rf6 28. Kg2 Rfe6 29. Rae1 a6 30. h3 Rf6
(30... b5 $19 31. axb5 axb5) 31. Rd1 $17 {intending e4.} Nd6 32. g4 hxg4 33.
hxg4 Bxc3 34. bxc3 b5 (34... Rfe6 $17 35. Kg1 Rh8) 35. axb5 $15 Nxb5 36. Rc1 $1
Rfe6 37. Qd2 Qd8 $36 {Black is more active.} 38. Ng3 Rh8 39. e4 $1 dxe4 40.
Rxe4 Nc7 41. Rh1 (41. Rb1 $11 {remains equal.}) 41... Rxh1 $17 42. Kxh1 a5 43.
Rxe6 Nxe6 44. d5 {Threatening Ne4.} a4 ({Black should play} 44... Qg5 $17 45.
Ne4 Qxd2 46. Nxd2 Nf4 47. Nxc4 a4) 45. Ne4 $11 a3 46. Kg2 $2 {[#]} (46. g5 $11
Kg8 47. Nf6+ Kf8 48. Qc1) 46... Qxd5 $1 0-1

[Event "Aeroflot Open 2017"]
[Site "Moscow"]
[Date "2017.02.22"]
[Round "2"]
[White "Swapnil, S  Dhopade"]
[Black "Jumabayev, Rinat"]
[Result "1/2-1/2"]
[WhiteElo "2534"]
[BlackElo "2611"]
[Annotator "TA"]
[PlyCount "137"]
[EventDate "2017.??.??"]

1. d4 e6 2. c4 Nf6 3. Nf3 {??.} Bb4+ 4. Nbd2 O-O 5. a3 Be7 6. g3 d5 7. Bg2 b6
8. O-O Bb7 9. Ne5 c5 10. dxc5 bxc5 11. cxd5 exd5 12. b3 a5 13. Bb2 a4 14. bxa4
Nbd7 15. Ndc4 Nxe5 16. Bxe5 Bc6 17. a5 Ra6 18. Ne3 Rxa5 19. Nf5 h6 20. Nxe7+
Qxe7 21. Bxf6 Qxf6 ({Don't play} 21... gxf6 22. Bxd5 Bxd5 23. Qxd5 $16) 22.
Bxd5 Rfa8 (22... Rd8 $11 {remains equal.} 23. Qe1 Ra6 24. Bxc6 Rxc6) 23. Bxc6
Qxc6 24. Qd3 c4 25. Qc3 Qc5 26. Rfc1 Rxa3 27. Rxa3 Rxa3 28. Qxc4 Qxc4 29. Rxc4
$14 {Endgame KR-KR} h5 30. Kg2 g6 31. h4 Kg7 32. Rc6 Rb3 33. e3 Rb2 34. Kf3 Ra2
35. e4 Rb2 36. Ke3 Ra2 37. Rd6 Rb2 38. f3 Ra2 39. Rd7 Ra3+ 40. Rd3 Ra2 41. e5
Ra5 42. Ke4 Ra4+ 43. Rd4 Ra3 44. Kf4 Rb3 45. Re4 Ra3 46. Rd4 Rb3 47. Ke4 Ra3 $1
48. Rd3 (48. Rb4 $14) 48... Ra1 49. f4 Ra5 50. Rd4 Ra1 51. Rd3 Ra5 52. Kf3 {
White is slightly better.} Ra1 53. Re3 Rb1 54. Re2 Rb3+ 55. Kg2 Ra3 56. Rf2 Re3
57. Kh3 Kg8 58. Ra2 Kg7 59. Kg2 Rb3 60. Kf2 Rc3 61. Re2 Ra3 62. e6 fxe6 63.
Rxe6 Kf7 64. Re5 Kf6 65. Rg5 Ra2+ 66. Kf3 Ra3+ 67. Kg2 Ra2+ 68. Kh3 Rf2 69. Ra5
1/2-1/2

[Event "Aeroflot Open 2017"]
[Site "Moscow"]
[Date "2017.02.22"]
[Round "2"]
[White "Kotronias, Vasilios"]
[Black "Mamedov, Rauf"]
[Result "1/2-1/2"]
[WhiteElo "2524"]
[BlackElo "2688"]
[Annotator "TA"]
[PlyCount "57"]
[EventDate "2017.??.??"]

1. e4 c5 2. Nf3 Nc6 3. d4 cxd4 4. Nxd4 g6 5. Nc3 Bg7 6. Be3 Nf6 7. Bc4 Qa5 8.
O-O d6 9. h3 O-O 10. Bb3 Bd7 11. Re1 Rac8 12. Qd2 Rfe8 13. Rad1 {LiveBook: 9
Games} Nxd4 14. Bxd4 Bc6 15. Bxf6 ({White should try} 15. Qe3 $14) 15... Bxf6
$11 16. Nd5 Qxd2 17. Nxf6+ ({Of course not} 17. Rxd2 Bxb2 18. c3 Bxd5 19. Rxb2
Bxb3 20. Rxb3 b6 $17) 17... exf6 18. Rxd2 d5 19. Bxd5 Bxd5 20. Rxd5 Rxc2 {
Endgame KRR-KRR} 21. Rb5 b6 22. a4 Rd8 23. Rd5 Rdc8 24. b3 Rb2 {Black wants to
play ...Rcc2.} 25. Rd3 Kg7 26. Red1 Re8 27. Re3 {The position is equal.} Re6
28. Rd7 a5 (28... Rb1+ $5 29. Kh2 $8 Rb2 $11) 29. g4 1/2-1/2

[Event "Aeroflot Open 2017"]
[Site "Moscow"]
[Date "2017.02.22"]
[Round "2"]
[White "Lorparizangeneh, Shahin"]
[Black "Kobalia, Mikhail"]
[Result "0-1"]
[WhiteElo "2519"]
[BlackElo "2628"]
[Annotator "TA"]
[PlyCount "90"]
[EventDate "2017.??.??"]

1. Nf3 g6 2. d4 d6 3. g3 f5 4. Bg2 Nf6 5. O-O Bg7 6. b3 O-O 7. Bb2 Ne4 8. Nbd2
Nc6 9. Ne1 Ng5 {LiveBook: 26 Games} 10. e3 e5 11. f4 Nf7 $1 {The position is
equal.} 12. dxe5 dxe5 13. Bxc6 bxc6 14. Ndf3 e4 15. Bxg7 Kxg7 16. Ne5 Nxe5 17.
fxe5 Qe7 18. Qd4 c5 19. Qc3 Ba6 20. Rf2 Rad8 $36 {Black has good play.} 21. Ng2
g5 22. Re1 Rd5 23. Rd2 Qxe5 24. Qxe5+ Rxe5 25. c4 Bb7 26. Red1 Bc6 27. h4 h6
28. Kf2 Ree8 29. hxg5 hxg5 30. Rh1 Rd8 31. Rxd8 (31. Ke1 {was worth a try.})
31... Rxd8 $19 {Endgame KRB-KRN} 32. Ke2 a5 33. Ne1 (33. Rf1 $142 Kg6 34. Ne1)
33... a4 34. Nc2 axb3 35. axb3 Rd3 36. Ra1 Be8 37. Ne1 (37. Ke1 {was necessary.
} Bh5 38. Ra2) 37... Bh5+ {Black is clearly winning.} 38. Kf2 Rd2+ 39. Kf1 Bg4
40. Rc1 Bh3+ 41. Kg1 Re2 42. Nc2 Kg6 43. b4 cxb4 44. Nxb4 Rxe3 45. Kh2 Re2+ 0-1

[Event "Aeroflot Open 2017"]
[Site "Moscow"]
[Date "2017.02.22"]
[Round "2"]
[White "Esipenko, Andrey"]
[Black "Khismatullin, Denis"]
[Result "1/2-1/2"]
[WhiteElo "2502"]
[BlackElo "2639"]
[Annotator "TA"]
[PlyCount "217"]
[EventDate "2017.??.??"]

1. d4 Nf6 2. c4 e6 3. Nf3 d5 4. Nc3 a6 5. cxd5 exd5 6. Bg5 Be6 7. e3 Nbd7 8.
Bd3 Bd6 9. O-O O-O {LiveBook: 6 Games} 10. Qc2 Qb8 11. Bxf6 Nxf6 {The position
is equal.} 12. Ng5 g6 13. Nxe6 fxe6 14. g3 Qe8 15. e4 {Black must now prevent
e5.} dxe4 16. Nxe4 Nxe4 17. Bxe4 c6 18. Rae1 Qf7 19. Bd3 Rae8 20. Bc4 Kh8 21.
Qb3 Qg7 22. Bxe6 (22. Rxe6 $6 Rxe6 23. Bxe6 Qxd4 $11) 22... Bb8 ({Don't capture
} 22... Qxd4 $2 23. Rd1 (23. Qxb7 Bc5 24. Qxc6 Rxf2 $11) 23... Qe5 {[#]} 24.
Rxd6 $1 $18) 23. d5 cxd5 24. Bxd5 ({Much weaker is} 24. Qxd5 $6 Qxb2 25. Qc5 b6
$11) 24... Rxe1 25. Rxe1 Ba7 26. Re2 Qd4 27. Bf3 $1 ({Stronger than} 27. Qxb7
Qd1+ 28. Kg2 Qxe2 $15) 27... b5 28. Kg2 Bb6 29. Qe6 Kg7 30. Qc6 Rf7 31. Qc2 Rc7
32. Qb3 Bc5 33. Bd5 Re7 34. Rxe7+ Bxe7 35. Qf3 Bf6 36. b3 Qe5 37. h4 Qf5 38.
Qd1 Qd7 39. h5 Qf5 40. Bf3 Qe6 ({Better is} 40... a5 41. hxg6 hxg6) 41. Qd2 g5
42. Qd3 Kh6 43. Be4 Kxh5 44. Bxh7 Be7 45. Bf5 Qd6 46. Qf3+ Kh6 {[#]} 47. Bc8 (
47. b4 $1 $18) 47... Kg7 48. Qa8 a5 49. Bg4 Qd8 50. Qe4 {And now Qe5+ would
win.} Qd6 51. Be2 b4 52. Bd3 Kf8 (52... Qf6 $16 53. Qd5 Qd6) 53. Bc4 ({White
should play} 53. Qf5+ $18 Kg7 54. Qh7+ Kf8 55. Qh8+ Kf7 56. Bc4+ Kg6 57. Be2)
53... Ke8 (53... Bd8 $16 {keeps fighting.} 54. Qa8 Kg7 55. Qb7+ Be7) 54. Qf5
$18 Qc6+ 55. Kg1 {Strongly threatening Bb5.} Qf6 56. Qxa5 {aiming for Qa8+.}
Bd6 57. Qa7 Qe5 58. Qa8+ Ke7 59. Qb7+ Kd8 60. Bb5 Qf5 61. Qa8+ Ke7 62. Qe8+ Kf6
63. Bc4 (63. Qd8+ $18 Kg7 64. Qxd6 Qxb5 65. Kg2) 63... Bc5 $16 64. Qd8+ Kg7 65.
Qd2 {Hoping for Qe2.} Qe5 (65... Kf6 $16 66. Bf1 Kf7) 66. Qd7+ $18 Kh8 67. Qc8+
Kg7 68. Qb7+ Qe7 69. Qf3 $1 Qf6 {[#]} 70. Qe2 $1 Qe7 71. Qd2 Qe5 $1 {[#]
intending ...Qxg3+.} 72. Kg2 (72. Kf1 $1 $18) 72... Qe4+ $16 73. f3 Qf5 74.
Qb2+ Qf6 75. Qe2 {Threatens to win with Qe8.} Bd6 76. Qe8 {Intending Qg8+ and
mate.} Qb2+ 77. Kh3 {White wants to mate with Qf7+.} Qe5 78. Qxe5+ Bxe5 {
Endgame KB-KB} 79. Kg2 Bd6 80. Kf2 Kf6 81. Ba6 Ke6 82. Bb7 Be5 83. Be4 Kd6 84.
Kg2 Ke7 85. Kh3 Kf6 86. Bd3 Bd6 87. Bc4 Kf5 88. Ba6 Bc7 89. Bc8+ Kf6 90. Kg4
Bd6 91. Ba6 Bc7 92. Kh3 (92. Bb5 $16) 92... Bd6 (92... Kf5 $1 $11) 93. Kg2 Bc7
94. Kf2 Bb6+ 95. Ke2 Bc7 96. g4 Ke5 97. Kd3 Kd5 98. Bb7+ Kc5 99. Be4 Bf4 100.
Bg6 Be5 101. Ke4 Bf4 102. Bf7 Bc1 103. Bc4 Bf4 104. Bg8 Bc1 105. Ke5 Bf4+ {
White is slightly better.} 106. Ke6 Bc1 107. Kd7 Bf4 108. Bc4 Kb6 109. Kc8
1/2-1/2

[Event "Aeroflot Open 2017"]
[Site "Moscow"]
[Date "2017.02.22"]
[Round "2"]
[White "Kuybokarov, Temur"]
[Black "Antipov, Mikhail Al"]
[Result "0-1"]
[WhiteElo "2491"]
[BlackElo "2582"]
[Annotator "TA"]
[PlyCount "48"]
[EventDate "2017.??.??"]

1. e4 e6 2. d4 d5 3. Nd2 {??.} h6 4. Ngf3 Nf6 5. Bd3 c5 6. e5 Nfd7 7. c3 Nc6 8.
O-O g5 9. h3 h5 10. g4 hxg4 11. hxg4 Qb6 $1 12. dxc5 (12. Nxg5 $2 cxd4 13. Ndf3
dxc3 14. bxc3 Ndxe5 $17) (12. Qb3 $15) 12... Qc7 $36 {Black is on the roll.} ({
Don't play} 12... Qxc5 $6 13. Qe2 $11) 13. Kg2 (13. Re1 $17) 13... Ndxe5 $19
14. Nxe5 Nxe5 15. Bb5+ Bd7 16. Bxd7+ Kxd7 17. Ne4 {[#]} Be7 $1 18. Bxg5 $2 (18.
Ng3) 18... Bxg5 {Black is clearly winning.} 19. Nxg5 Rh4 20. f3 Rh2+ 21. Kg3
Rah8 {Threatens to win with ...f6.} 22. f4 f6 23. Rf2 fxg5 24. Qa4+ {[#]} Nc6
$1 0-1

[Event "Aeroflot Open 2017"]
[Site "Moscow"]
[Date "2017.02.22"]
[Round "2"]
[White "Xu, Yi"]
[Black "Oparin, Grigoriy"]
[Result "1/2-1/2"]
[WhiteElo "2444"]
[BlackElo "2625"]
[Annotator "TA"]
[PlyCount "92"]
[EventDate "2017.??.??"]

1. e4 e5 2. Nf3 Nc6 3. Bc4 {??.} Bc5 4. O-O Nf6 5. d3 O-O 6. c3 d6 7. a4 {
And now b4 would win.} a6 8. Na3 h6 9. Nc2 Ne7 10. Re1 Ng6 11. d4 Ba7 12. Bf1
Re8 13. d5 c6 14. c4 a5 15. g3 Bc5 16. Qd3 Nf8 17. Nh4 Qb6 18. Ne3 N8h7 19. Bg2
Ng5 20. Kh1 Bd7 21. f3 g6 22. b3 Rac8 23. Bd2 Bb4 24. Rad1 Bxd2 25. Rxd2 Rcd8
26. Nd1 Qb4 27. Qc3 Qxc3 28. Nxc3 cxd5 29. Nxd5 Nxd5 30. Rxd5 Ne6 31. Rxa5 ({
Much weaker is} 31. Rxd6 Bc6 32. Rdd1 Nc5 $17) 31... Nd4 32. Rb1 g5 ({Better is
} 32... Kg7 $11) 33. Nf5 $1 $14 Nxf5 34. exf5 Bxf5 35. Rc1 Re7 {[#]} 36. f4 $1
gxf4 (36... exf4 37. Rxf5) 37. gxf4 Bg6 38. Rb5 exf4 39. Rxb7 (39. Kg1 $16)
39... Rxb7 $2 (39... Re2 $11 {and Black is okay.} 40. Bf3 Rf2) 40. Bxb7 $16 {
Endgame KRB-KRB} Rb8 41. Bd5 {aiming for a5.} Rxb3 {[#]} 42. Ra1 $1 f3 {[#]}
43. a5 $2 (43. Kg1 $1 $18 {Hoping for a5.} Bh5 44. Ra2) 43... f2 $11 {...Bd3
is the strong threat.The position is equal.} 44. Kg2 Rb2 $1 {White must now
prevent .. .Bd3.} 45. Rf1 Ra2 46. Rxf2 Rxa5 1/2-1/2

[Event "Aeroflot Open 2017"]
[Site "Moscow"]
[Date "2017.02.22"]
[Round "2"]
[White "Abdusattorov, Nodirbek"]
[Black "Bluebaum, Matthias"]
[Result "0-1"]
[WhiteElo "2429"]
[BlackElo "2632"]
[Annotator "TA"]
[PlyCount "91"]
[EventDate "2017.??.??"]

1. e4 e6 2. d4 d5 3. Nd2 Be7 4. e5 c5 5. c3 cxd4 6. cxd4 Qb6 7. Ndf3 Bb4+ 8.
Bd2 Nc6 9. Bxb4 Qxb4+ 10. Qd2 {LiveBook: 3 Games} Nge7 11. Bd3 O-O 12. Ne2 {
The position is equal.} f6 13. Qxb4 Nxb4 14. Bb1 Bd7 15. a3 Nbc6 16. O-O fxe5
17. Nxe5 Nxe5 18. dxe5 Bb5 19. Re1 Bxe2 20. Rxe2 Rac8 {( -> ...Rc1+)} 21. Bd3
g5 22. g3 Kg7 23. Kg2 Nc6 {Strongly threatening ...Nd4.} 24. Rf1 Nd4 25. Re3 g4
26. h3 Rf3 27. hxg4 Rxe3 $1 28. fxe3 $11 {Endgame KRB-KRN} Nc6 $1 29. Rc1 Rf8
30. Be2 ({White should play} 30. e4 $11) 30... Nxe5 $15 31. Rc7+ Rf7 32. Rc8
Kf6 33. b3 Rg7 34. Kh3 Nf7 35. Bd3 Ng5+ 36. Kh4 Nf3+ 37. Kh3 Ke5 38. b4 Ng5+
39. Kh4 Ne4 40. Rf8 Rc7 41. g5 {[#]} Rg7 $1 42. Rf4 {intending Bxe4.} Nxg5 43.
g4 $2 {[#]} (43. a4 $17) 43... d4 $1 $19 {Black is clearly winning.} 44. Kh5 (
44. exd4+ Kxf4) 44... dxe3 45. Rc4 Rd7 46. Bf1 0-1

[Event "Aeroflot Open 2017"]
[Site "Moscow"]
[Date "2017.02.22"]
[Round "2"]
[White "Karavade, Eesha"]
[Black "Kulaots, Kaido"]
[Result "1/2-1/2"]
[WhiteElo "2418"]
[BlackElo "2590"]
[Annotator "TA"]
[PlyCount "138"]
[EventDate "2017.??.??"]

1. e4 c5 2. Nf3 Nc6 3. Bb5 {??.} g6 4. Bxc6 bxc6 5. O-O Bg7 6. c3 Nf6 7. e5 Nd5
8. c4 Nc7 9. d4 d6 10. dxc5 dxe5 ({Much weaker is} 10... dxc5 $6 11. Qxd8+ Kxd8
12. Rd1+ Ke8 13. h3 $14) (10... Bxe5 $6 11. Qa4 (11. Nxe5 dxe5 12. Qf3 Bd7 $14)
11... Bd7 12. Nc3 $14 (12. Nxe5 dxe5 13. Nc3 a5 $14)) 11. Qxd8+ Kxd8 12. Re1 f6
13. Nc3 Rb8 14. b3 Ne6 15. Be3 Kc7 16. Rad1 Re8 17. Na4 g5 18. Bd2 g4 19. Ba5+
Kb7 20. Nd2 (20. Nh4 $15) 20... Nd4 21. Nf1 h5 22. Bc3 Ne6 23. Ng3 h4 24. Nf5
h3 25. Nxg7 Nxg7 26. gxh3 gxh3 (26... Rh8 $17 27. hxg4 Bxg4) 27. f3 $15 Bf5 28.
Kf2 Ne6 29. Rg1 Rbd8 30. Ba5 Rd4 31. Bc3 Rxd1 $1 32. Rxd1 Kc8 ({Black should
play} 32... Rg8 $1 $17 {White must now prevent ...Rg2+.} 33. Rg1 Rxg1 34. Kxg1
Bb1) 33. Ba5 Rh8 34. Rg1 Kd7 35. Bd2 Rh4 36. Be3 e4 37. Rg8 exf3 38. Kxf3 Nd4+
39. Kf2 Nc2 40. Nc3 Bh7 41. Rh8 e5 42. Kg3 Rh5 43. Bd2 {Threatens to win with
Kg4.} f5 44. Ne2 Bg6 45. Rxh5 Bxh5 $11 {Endgame KBN-KBN} 46. Ng1 $1 f4+ 47. Kh4
Bd1 48. Nxh3 Ke6 {And now ...Kf5 would win.} 49. Kg5 $1 Nd4 50. Ng1 $1 Nf5 51.
Bc3 a6 52. Nh3 Bc2 53. Nf2 f3 {White should prevent ...e4.} 54. Bd2 e4 {
Strongly threatening ...e3.} 55. Kf4 Nh4 56. Kg3 Nf5+ $1 57. Kf4 Nh4 58. Kg3
Ng2 (58... Nf5+ $1 $11 {keeps the balance.} 59. Kf4) 59. Ng4 $16 Bb1 {[#]} 60.
a3 $1 Ba2 {[#]} 61. b4 (61. h4 $1 $16) 61... Bxc4 $14 62. Ne3 (62. h4 $1 $14)
62... Nxe3 $11 63. Bxe3 {KB-KB} Ke5 64. h4 Kf5 65. h5 Bb3 66. h6 Kg6 67. Kf4
Kxh6 68. Kxe4+ Kg6 69. Kxf3 Kf5 1/2-1/2

[Event "Aeroflot Open 2017"]
[Site "Moscow"]
[Date "2017.02.23"]
[Round "3"]
[White "Inarkiev, Ernesto"]
[Black "Lysyj, Igor"]
[Result "1/2-1/2"]
[WhiteElo "2723"]
[BlackElo "2643"]
[Annotator "TA"]
[PlyCount "123"]
[EventDate "2017.??.??"]

1. e4 e5 2. Nf3 Nc6 3. Bc4 Bc5 4. O-O Nf6 5. d3 d6 6. c3 a6 7. Bb3 Ba7 8. Re1
O-O 9. h3 Be6 10. Nbd2 Bxb3 11. Qxb3 Rb8 12. Nf1 Re8 13. Ng3 h6 {LiveBook: 7
Games} 14. a4 d5 15. a5 Bc5 16. Ra4 Bf8 17. Bd2 Qd7 18. Raa1 Qe6 19. Be3 g6 20.
Nd2 Bg7 21. f4 (21. Red1 $11) 21... d4 $15 22. cxd4 exf4 $1 ({Much worse is} 
22... exd4 $6 23. Bf2 $14) 23. Qxe6 fxe6 24. Bxf4 Nxd4 25. Bxc7 Rbc8 26. Rac1
$1 Nd7 27. Bd6 Nb5 28. Rxc8 Rxc8 29. e5 Nc5 30. Rc1 Nxd6 31. exd6 Bxb2 32. Rc2
Bd4+ 33. Kh1 Rc6 34. Nc4 (34. Nf3 $11 Be3 35. Ne4 Nxe4 36. d7 Ng3+ 37. Kh2 Nf1+
38. Kh1 Ng3+ 39. Kh2 Nf1+ 40. Kh1 Ng3+) 34... Nxd3 (34... Kf7 $17 35. Ne2 Bf6)
35. d7 $11 Bf6 {[#] White must now prevent ...Bd8.} 36. Ne4 Be7 37. Rc3 Nb4 38.
Ned6 $1 {Rb3 is the strong threat.} Rc7 $1 39. Rg3 g5 40. Ne5 Rc1+ $1 41. Kh2
Rd1 $1 42. Nxb7 {[#] aiming for Rb3.} Bf6 43. Ng4 $1 Be7 44. Rb3 Nc6 45. Rb6
Rxd7 46. Rxc6 {Hoping for Nc5.} Rxb7 47. Rxa6 $14 {Endgame KRB-KRN} Rb5 48.
Rxe6 Kf7 49. Ra6 h5 {The position is equal.} 50. Ne3 Ke8 51. Rh6 Rxa5 52. Rxh5
Bd6+ 53. g3 $1 Ra2+ 54. Ng2 Be7 55. Rh6 Rd2 56. h4 gxh4 57. gxh4 Bd6+ 58. Kh3
Rd3+ 59. Kg4 Rg3+ 60. Kf5 Rxg2 61. Rxd6 {next Kf6 is good for White.} Kf7 62.
Rd7+ 1/2-1/2

[Event "Aeroflot Open 2017"]
[Site "Moscow"]
[Date "2017.02.23"]
[Round "3"]
[White "Matlakov, Maxim"]
[Black "Smirin, Ilia"]
[Result "1/2-1/2"]
[WhiteElo "2701"]
[BlackElo "2670"]
[Annotator "TA"]
[PlyCount "75"]
[EventDate "2017.??.??"]

1. d4 Nf6 2. Nf3 g6 3. g3 Bg7 4. Bg2 O-O 5. O-O d6 6. b3 Bf5 7. Bb2 Qc8 {
LiveBook: 4 Games} 8. Re1 c5 9. c4 Bh3 {White is slightly better.} 10. Nc3 cxd4
11. Nxd4 Nc6 12. e4 Bxg2 13. Kxg2 Re8 14. Nd5 Nd7 15. Qd2 a6 16. Rac1 Qd8 17.
Bc3 {Nxc6 is the strong threat.} Rc8 18. Nxc6 Rxc6 ({Wrong is} 18... bxc6 $2
19. Ba5 $18) 19. Bxg7 Kxg7 20. Red1 Kg8 21. h4 h5 22. Qg5 Nf6 23. Rd4 Nxd5 24.
exd5 Rc5 25. b4 Rc8 26. Re1 b5 27. cxb5 axb5 28. g4 hxg4 $2 {[#]} (28... e6 $16
) 29. Rxg4 $2 ({Less strong is} 29. Qxg4 Rc2 $14) (29. Re6 $1 $18 {Threatening
mate with Rxg6+!} Rc4 {[#]} 30. Rxg6+ $1 fxg6 31. Qxg6+ Kf8 32. Qh6+ Kg8 33.
Qg6+ Kf8 34. Qh6+ Kg8 35. Qg6+) 29... Rc4 $1 $14 30. h5 Rxg4+ {The position is
equal.} 31. Qxg4 Qc8 32. Qxc8 Rxc8 33. Rxe7 {With the idea hxg6.} gxh5 $11 {
KR-KR} 34. Rd7 Rc4 35. a3 Rd4 36. Rxd6 Kf8 37. Ra6 Rxd5 38. a4 1/2-1/2

[Event "Aeroflot Open 2017"]
[Site "Moscow"]
[Date "2017.02.23"]
[Round "3"]
[White "Mamedov, Rauf"]
[Black "Vakhidov, Jahongir"]
[Result "1-0"]
[WhiteElo "2688"]
[BlackElo "2561"]
[Annotator "TA"]
[PlyCount "95"]
[EventDate "2017.??.??"]

1. e4 c5 2. Nf3 Nc6 3. Bb5 g6 4. O-O Bg7 5. Re1 Nf6 6. e5 Nd5 7. Nc3 Nc7 8.
Bxc6 dxc6 9. Ne4 b6 10. Nf6+ Kf8 11. Ne4 Bg4 12. d3 {LiveBook: 66 Games} Bh5 (
12... Bxe5 $11 13. h3 Bxf3 14. Qxf3 Bg7) 13. h3 $14 Bxf3 $1 14. Qxf3 {White is
slightly better.} h6 15. a4 a5 16. Nd2 Ne6 17. Nc4 Qc7 18. c3 Rd8 19. Qe4 $1
Ng5 20. Qe2 Kg8 21. f4 Ne6 22. Qe4 Nf8 23. Be3 Nd7 24. e6 f5 25. Qf3 Nf8 26.
Bf2 Bf6 27. Rac1 Rh7 {[#]} (27... Rd5 $16 28. Rcd1 Rh7) 28. Kh1 (28. b4 $1 $18
{has better winning chances.}) 28... Rg7 (28... b5 $142) 29. b4 $1 $16 Rd5 (
29... g5 $16) 30. b5 $1 $18 g5 31. bxc6 Rd8 $2 (31... Qxc6 $16 32. fxg5 hxg5)
32. fxg5 hxg5 {and the idea ...g4 leaves Black hopeful.} (32... Rxg5 $2 33. Be3
Ng6 34. Bxg5 hxg5 35. Qxf5 $18) (32... Bxg5 33. Rb1 $18) 33. Bg3 ({Don't do} 
33. Qxf5 $6 Qxc6 34. d4 g4 $16) (33. Ne3 $18 g4 34. hxg4 (34. Qxf5 gxh3 35. Qe4
hxg2+ 36. Kg1 Be5 37. Nxg2 Ng6 $11) 34... Nxe6 35. Bg3 (35. Nxf5 Rh7+ 36. Kg1
Ng5 $14) (35. Qxf5 Qxc6 36. Kg1 Rg5 $11) (35. gxf5 Ng5 36. Qe2 Qxc6 $11)) 33...
f4 $16 34. Bf2 (34. Bh2 $1 $16) 34... g4 $1 $11 35. hxg4 Nh7 $1 {White must
now prevent ...Ng5.} 36. d4 Ng5 37. Qd3 {With the idea Ne5.} f3 {Hoping for ...
Rh7+.} 38. Ne5 $1 Bxe5 39. Rxe5 {Strongly threatening Bh4.} Qxc6 (39... Rf8 $1
$11 {keeps the balance.}) 40. d5 $16 Qxa4 {[#]} 41. c4 $1 $36 {White is in
control.} Rf8 {[#]} 42. Qc2 (42. Qe3 $1 $16 fxg2+ 43. Kxg2) 42... Qxc2 $11 43.
Rxc2 Rf4 44. d6 $1 Rxg4 45. g3 {And now d7 would win.} Rh7+ 46. Kg1 Nh3+ $2 (
46... Rh8 $11 47. d7 Kg7) 47. Kf1 $18 {Threatens to win with d7.} Nxf2 $2 (
47... Rh8) 48. d7 1-0

[Event "Aeroflot Open 2017"]
[Site "Moscow"]
[Date "2017.02.23"]
[Round "3"]
[White "Sjugirov, Sanan"]
[Black "Zhigalko, Andrey"]
[Result "1/2-1/2"]
[WhiteElo "2673"]
[BlackElo "2571"]
[Annotator "TA"]
[PlyCount "97"]
[EventDate "2017.??.??"]

1. e4 c5 2. Nf3 d6 3. d4 cxd4 4. Nxd4 Nf6 5. Nc3 a6 6. Be3 e6 7. Be2 Nbd7 8. g4
h6 9. f4 g5 10. f5 Ne5 11. h3 b5 12. a3 Qe7 13. fxe6 fxe6 14. Nf3 {LiveBook: 3
Games} Ned7 15. Bd3 Bb7 $1 16. Rf1 O-O-O {[#]} (16... Bg7 $11) 17. Qe2 $1 $16
Bg7 18. a4 b4 19. Bxa6 Nc5 ({Don't take} 19... bxc3 $2 20. Bxb7+ Kxb7 21. Qb5+
(21. bxc3 Rb8 22. Qb5+ Kc8 23. Qc4+ Nc5 24. Bxc5 dxc5 $17) 21... Kc7 22. Qa5+ (
22. bxc3 Rb8 23. Qc4+ Kd8 $11) 22... Kc8 23. Qa6+ (23. bxc3 Nb8 24. Rb1 Rd7 $15
) 23... Kc7 24. Qa7+ Kc8 25. bxc3 $18) 20. Bxb7+ Qxb7 {[#]} 21. Nb5 $1 Nfxe4
22. O-O-O {Strongly threatening Bxc5.} Nxa4 23. Qc4+ Kb8 24. Nfd4 Nac5 25. Qxb4
Rd7 26. Nb3 Nxb3+ 27. Qxb3 Rc8 28. Kb1 Nc5 29. Bxc5 Rxc5 30. Nxd6 Qxb3 31. cxb3
Rd5 32. Rxd5 exd5 {Endgame KRB-KRN} 33. Nf5 Be5 34. Nxh6 d4 35. Rf8+ ({Better
is} 35. Rf3 $16) 35... Kc7 $14 36. Rf7 {And now Rxd7+ would win.} d3 $1 37.
Rxd7+ Kxd7 {KB-KN. The position is equal.} 38. Kc1 {aiming for Kd2.} Bf4+ 39.
Kd1 {Threatening Ng8.} Kc6 40. Nf5 {Threatens to win with b4.} Kc5 41. h4 gxh4
42. Nxh4 Kb4 43. Ng2 Bh6 44. Ne1 d2 $1 45. Nf3 Kxb3 46. Nxd2+ Kxb2 47. Ne4 Kb3
48. g5 Bxg5 49. Nxg5 1/2-1/2

[Event "Aeroflot Open 2017"]
[Site "Moscow"]
[Date "2017.02.23"]
[Round "3"]
[White "Vidit, Santosh Gujrathi"]
[Black "Karavade, Eesha"]
[Result "1-0"]
[WhiteElo "2673"]
[BlackElo "2418"]
[Annotator "TA"]
[PlyCount "89"]
[EventDate "2017.??.??"]

1. e4 c5 2. Nf3 d6 3. d4 {??.} cxd4 4. Nxd4 Nf6 5. Nc3 a6 6. g3 e5 7. Nde2 Be7
8. Bg2 b5 9. Nd5 Nbd7 10. Nec3 Nxd5 11. Nxd5 Nf6 12. Nxe7 Qxe7 13. O-O Bb7 14.
Qd3 O-O 15. Rd1 Rfd8 16. Bg5 Bc6 17. Rd2 h6 18. Bxf6 Qxf6 (18... gxf6 $6 19.
Rad1 $16) 19. Rad1 Qg6 20. f3 a5 21. Qc3 Be8 22. Qc7 Rdc8 23. Qe7 Qf6 24. Qxf6
(24. Qxd6 $6 Qxd6 25. Rxd6 Rxc2 $11) 24... gxf6 25. Bh3 Rc5 26. c3 $36 {
White is more active.} b4 27. cxb4 axb4 28. Rxd6 Rc2 $2 {[#]} ({Don't capture} 
28... Rxa2 $2 29. Rd8 $18 (29. Rxf6 Kg7 30. Rb6 Rxb2 $17)) (28... Kh7 $16) 29.
Rd8 $18 ({Weaker is} 29. Rxf6 Kg7 30. Rf5 Rxa2 31. Rxe5 Bc6 $15) 29... Rxd8 30.
Rxd8 {Endgame KRB-KRB} Kf8 31. Rb8 {Bd7 is the strong threat.} Ke7 ({Much
worse is} 31... Rxb2 32. Bd7 $18) 32. Rxb4 Bc6 33. a4 Rc1+ 34. Bf1 f5 35. exf5
Bxf3 36. Kf2 Bd5 37. a5 Ra1 38. a6 Kf6 (38... Kd7 {was worth a try.} 39. Bd3 h5
) 39. g4 Kg5 40. Be2 Rh1 41. Bf3 Bxf3 42. Kxf3 Ra1 $2 {[#]} (42... Rf1+ 43. Ke3
Re1+ 44. Kd3 Ra1) 43. Rb6 {White is clearly winning.} Ra4 44. b4 Ra3+ 45. Ke4
1-0

[Event "Aeroflot Open 2017"]
[Site "Moscow"]
[Date "2017.02.23"]
[Round "3"]
[White "Motylev, Alexander"]
[Black "Vavulin, Maksim"]
[Result "1/2-1/2"]
[WhiteElo "2663"]
[BlackElo "2604"]
[Annotator "TA"]
[PlyCount "57"]
[EventDate "2017.??.??"]

1. e4 e5 2. Nf3 Nc6 3. Bb5 a6 4. Ba4 d6 5. O-O Bd7 6. d4 exd4 7. Bxc6 bxc6 8.
Qxd4 {LiveBook: 5 Games} Ne7 9. Nc3 h6 10. Re1 {White is better.} Ng6 11. e5 d5
12. Na4 Qb8 13. Bd2 {Black must now prevent e6!} Qb5 {[#]} (13... Be6 $16 {
was called for.}) 14. e6 $1 $18 Bxe6 (14... fxe6 $142 15. Qg4 Ne7) 15. Rxe6+
fxe6 {[#]} 16. Qg4 $1 Ne7 17. Qxe6 Rd8 {[#]} ({But not} 17... Qxa4 $2 18. Ne5
c5 19. b3 $18) 18. Ne5 (18. b3 $1 $18 {aiming for Re1.} Rd6 19. Qh3) 18... Rd6
$11 19. Qf7+ Kd8 20. Nc3 Qxb2 21. Rb1 Qxc2 22. Qf4 Rf6 23. Rb8+ Nc8 24. Qg4 {
The position is equal.} Qf5 {[#]} 25. Nxc6+ $1 Kd7 $1 {...Bc5 is the strong
threat.} (25... Rxc6 26. Qxf5) 26. Ne5+ $1 Kd8 $1 {[#]} 27. Nc6+ $1 Kd7 $1 {
Strongly threatening ...Bc5.} (27... Rxc6 28. Qxf5) 28. Ne5+ $1 Kd8 $1 {[#]}
29. Nc6+ $1 1/2-1/2